Lịch sử văn học Nga thế kỷ XI /

Đây là cuốn sách rất cơ bản về văn học Nga. Mọi hiện tượng văn học đều được tập thể tác giả khảo sát, phân tích, đánh giá trên quan điểm lịch sử, quan điểm biện chứng và những phương pháp luận của khoa ngữ văn học hiện đại....

Täydet tiedot

Tallennettuna:
Bibliografiset tiedot
Päätekijä: Nguyễn Hải Hà.
Aineistotyyppi: Kirja
Kieli:Vietnamese
Julkaistu: Hà Nội : Đại học Quốc gia Hà Nội, 1998.
Painos:In lần 5.
Aiheet:
Tagit: Lisää tagi
Ei tageja, Lisää ensimmäinen tagi!
Thư viện lưu trữ: Mạng thư viện Đại học Đà Nẵng
LEADER 01178cam a2200337 i 4500
001 000043520
003 1496
005 20030918144255.0
008 010217b1998 vm 000 vie
020 |c 30000 
040 |a IRC  |c IRC  |d IRC 
041 0 |a vie 
082 1 4 |a 891.73  |b NG-H 
100 1 |a Nguyễn Hải Hà. 
245 0 0 |a Lịch sử văn học Nga thế kỷ XI /  |c Nguyễn Hải Hà chủ biên. 
250 |a In lần 5. 
260 |a Hà Nội :  |b Đại học Quốc gia Hà Nội,  |c 1998. 
300 |a 411tr. ;  |c 20cm. 
520 3 |a Đây là cuốn sách rất cơ bản về văn học Nga. Mọi hiện tượng văn học đều được tập thể tác giả khảo sát, phân tích, đánh giá trên quan điểm lịch sử, quan điểm biện chứng và những phương pháp luận của khoa ngữ văn học hiện đại. 
630 0 4 |a Văn học Nga. 
650 0 4 |a Văn học Nga  |y Thế kỷ XI. 
OWN |a DUT 
999 |a From the UDN01 
TYP |a Monograph 
TYP |a Printed language 
980 |a Mạng thư viện Đại học Đà Nẵng